000 00752nam a2200241Ia 4500
003 OSt
005 20220916110922.0
006 a|||||r|||| 00| 0
007 ta
008 220915b |||||||| |||| 00| 0 hin d
024 _a205162
037 _cTextbook
040 _bhin
_aARTS
_cARTS
041 _ahin
082 _aR5, 152L7
100 _aनरसिंहाचारी, एस0 टी0
245 0 _aसौन्दर्य तत्व निरूपण
246 _aSaundarya tatva nirūpaṇa
260 _aदिल्ली
_bवाणी प्रका0
_c1977
300 _a277पृ0
_ccm.
942 _hR5, 152L7
_cTB
_2CC
999 _c101376
_d101376